بنو إسرائيل بداية النهاية وحتمية التبار : (رقم التسجيلة. 110157)

تفاصيل مارك
000 -الفاتح
عناصر البيانات ثابتة الطول 00819cam a2200193 i 4500
005 - تاريخ ووقت آخر معاملة
حقل ضبط 20251130101100.0
008 - عناصر البيانات ثابتة الطول
عناصر البيانات ثابتة الطول 250721s2007 sy gr 000 0 ara d
082 14 - رقم تصنيف ديوي العشري
رقم التصنيف 212.8956.402
رقم المادة ز
100 1# - مدخل رئيسي – اسم شخصي
الاسم الشخصي الزوبعي، عامر
علاقة الشخص بالعمل/ دوره مؤلف.
245 10 - بيان العنوان
العنوان بنو إسرائيل بداية النهاية وحتمية التبار :
بقية العنوان دراسة تحليلة لإفساد بني إسرائيل من خلال سورة الإسراء /
بيان المسؤولية تأليف د.عامر الزوبعي ؛ تقديم الدكتور عماد الدين خليل.
250 ## - بيان الطبعة
بيان الطبعة الطبعة الاولى.
264 31 - بيانات النشر، التوزيع…إلخ
مكان النشر، التوزيع...إلخ دمشق :
اسم الناشر، الموزع...إلخ دار العصماء،
تاريخ النشر، التوزيع...إلخ 2007.
300 ## - الوصف المادي
عدد الوحدات المكونة للوعاء 440 صفحة.
650 17 - مدخل إضافي بالموضوع - مصطلح موضوعي
مصطلح موضوعي أو اسم جغرافي كعنصر مدخل قصص القرآن.
650 17 - مدخل إضافي بالموضوع - مصطلح موضوعي
مصطلح موضوعي أو اسم جغرافي كعنصر مدخل تفسير القرآن.
650 17 - مدخل إضافي بالموضوع - مصطلح موضوعي
مصطلح موضوعي أو اسم جغرافي كعنصر مدخل اسراايل.
942 ## - بيانات إضافية (كوها)
نوع التنصيف Dewey Decimal Classification
نوع المادة (كوها) كتب
المقتنيات
حالة السحب حالة الفقدان مصدر التصنيف حالة التلف غير قابل للإعارة المكتبة الرئيسية المكتبة الحالية موقع الرف تاريخ التزويد الرقم المتسلسل Total Checkouts رقم الإستدعاء الباركود تاريخ آخر ظهور تاريخ الفاتورة نوع المادة (كوها)
    Dewey Decimal Classification     المكتبة المركزية المكتبة المركزية الإعارة 28/07/2025 1147543   212.8956.402 / ز 1147543 28/07/2025 28/07/2025 كتب
Implemented & Customized by: BBB with SCIT (Smart Chains for Information Technology)

Powered by Koha